000 00907nam a22002657a 4500
005 20170123162319.0
010 _a329624
020 _c5.00
035 _a329624
037 _bCen Lib/Ret
040 _aDPL
_bUR
082 _a842
_bش ی ک
100 _aشکسپیر، ولیم
_9399
245 _aکنگ لیر /
_c ولیم شکسپیر؛ ترجمہ اے یس مہنوں گورکھپوری
246 _aOthelo /
_bby William Shekspear ; traslated by A.S. Mahnoon Gorakhpuri
260 _aنیی دہلی
_bساہتیہ اکادمی
_c1963
270 _bنیی دہلی
300 _a172p.
_c19cm(Hb)
650 _aینلش ادب
_9139213
650 _aانگلش ڈرامہ
_9400
650 _aEnhlish literature
_9139214
650 _aEnglish drama
_9139215
700 _aاے یس مہنوں گورکھپوری
_9116182
942 _2ddc
_cUR
_h842
_mش ی ک
999 _c106944
_d106944